[Event "Cannes op-B 18th"]
[Site "Cannes"]
[Date "1997.??.??"]
[Round "1"]
[White "Voiska, Margarita"]
[Black "Lukasiewicz, Anna"]
[Result "1/2-1/2"]
[WhiteElo "2290"]
[BlackElo "2150"]

1.Nf3 Nf6 2.g3 g6 3.Bg2 Bg7 4.c4 O-O 5.O-O d6 6.d4 Nbd7 7.Nc3 e5 8.e4 exd4
9.Nxd4 Re8 10.h3 a6 11.Be3 Ne5 12.b3 Rb8 13.Rc1 c5 14.Nde2 b5 15.f4 Ned7
16.Qxd6 b4 17.Nd5 Nxe4 18.Qc7 Nxg3 19.Qxd8 Nxe2+ 20.Kf2 Rxd8 21.Kxe2 Bf8
22.Rfd1 Bb7 23.Nf6+ Nxf6 24.Rxd8 Rxd8 25.Bxb7 Ne8 26.Rd1 Rxd1 27.Kxd1 Nc7
28.Ke2 Bd6 29.Kf3 Kf8 30.Kg4 h5+ 31.Kf3 Ke7 32.Bf2 a5 33.Ke4 Ne6 34.Be3 Nd8
35.Bd5 f6 36.Bg8 Ne6 37.f5 gxf5+ 38.Kxf5 Nf8 39.Bh6 Be5 40.Bxf8+ Kxf8 41.Bd5  1/2-1/2

[Event "Cannes op-B 18th"]
[Site "Cannes"]
[Date "1997.??.??"]
[Round "4"]
[White "Azariants, Evgeni"]
[Black "Maes, Wim"]
[Result "1/2-1/2"]
[WhiteElo "2200"]
[BlackElo "2285"]

1.Nf3 Nf6 2.g3 g6 3.Bg2 Bg7 4.c4 O-O 5.Nc3 d6 6.O-O Nc6 7.Rb1 e5 8.d3 h6
9.b4 Nh5 10.b5 Ne7 11.Qc2 f5 12.Nd2 g5 13.Bb2 Kh8 14.Nd5 Nf6 15.e3 a6 16.a4 Nexd5
17.cxd5 axb5 18.axb5 Bd7 19.Bc3 b6 20.Qb3 Qe8 21.Nc4 Ra7 22.Qb4 e4 23.Bxf6 Bxf6
24.dxe4 fxe4 25.Nd2 Ra5 26.Nxe4 Rxb5 27.Qc4 Bd8 28.Qd4+ Qe5 29.Qxe5+ dxe5
30.Rxb5 Bxb5 31.Rb1 Bd3 32.Rc1 Bxe4 33.Bxe4 Rf6 34.Ra1  1/2-1/2

[Event "Cannes op-B 18th"]
[Site "Cannes"]
[Date "1997.??.??"]
[Round "8"]
[White "Jean, Olivier"]
[Black "Etchegaray, Patrice"]
[Result "1/2-1/2"]
[WhiteElo "2210"]
[BlackElo "2275"]

1.Nf3 Nf6 2.c4 g6 3.g3 Bg7 4.Bg2 O-O 5.O-O d6 6.Nc3 e5 7.d3 Nc6 8.e4 h6 9.Bd2 Kh7
10.Rb1 Be6 11.h3 Qd7 12.Kh2 Ng8 13.Nh4 f5 14.exf5 gxf5 15.f4 Rae8 16.Qh5 Nce7
17.Rbe1 Nf6 18.Qd1 Nc6 19.Nd5 Bxd5 20.cxd5 Nd4 21.Bc3 Nb5 22.Nxf5 Nxc3 23.bxc3 exf4
24.Rxf4 Rxe1 25.Qxe1 Nh5 26.Rf1 Be5 27.Qe4 Kh8 28.d4 Bf4 29.Qe6 Qxe6 30.dxe6 Rxf5
31.Rxf4 Rxf4 32.gxf4 c6 33.Be4 Kg7 34.f5 Kf6 35.h4 Nf4 36.Bf3 Nd3 37.Kg3 Nc1
38.a3 Na2 39.c4 Nc3 40.Kf4 Nb1 41.a4 a5 42.Bd1 Nc3 43.Bc2 Ne2+ 44.Ke3 Ng3
45.Kf3 Nh5 46.Kg4 Ng7 47.Be4 Ke7 48.c5 dxc5 49.dxc5 Kf6 50.Kf4  1/2-1/2

[Event "Celle Ligure op"]
[Site "Celle Ligure"]
[Date "1997.??.??"]
[Round "3"]
[White "Collareta, Giovanni"]
[Black "Bonugli, Carlo"]
[Result "1/2-1/2"]
[WhiteElo "2230"]
[BlackElo "2075"]

1.c4 Nf6 2.Nf3 g6 3.g3 Bg7 4.Bg2 O-O 5.O-O d6 6.Nc3 Nc6 7.d4 a6 8.h3 Na5
9.b3 c5 10.Be3 cxd4 11.Nxd4 Bd7 12.Rc1 Rc8 13.Qd2 Nc6 14.Rfd1 Nxd4 15.Bxd4 Bc6
16.Nd5 Nxd5 17.Bxg7 Kxg7 18.cxd5 Bd7 19.h4 h5 20.Bf3 Bf5 21.e4 Bd7 22.Bxh5  1/2-1/2

[Event "Cerrado"]
[Site "Cerrado"]
[Date "1997.??.??"]
[Round "1"]
[White "Foisor, Cristina Adela B"]
[Black "Del Rey, Diego"]
[Result "1-0"]
[WhiteElo "2400"]
[BlackElo "2325"]

1.c4 g6 2.g3 Bg7 3.Bg2 Nf6 4.Nf3 O-O 5.O-O d6 6.Nc3 e5 7.d3 h6 8.Rb1 a5 9.a3 Re8
10.b4 axb4 11.axb4 c6 12.e4 Be6 13.Bb2 Na6 14.Ba1 Rb8 15.Re1 Nd7 16.Qd2 b5
17.cxb5 cxb5 18.d4 Bc4 19.d5 Nb6 20.Nd1 Qd7 21.Ne3 Nc7 22.h4 Ra8 23.Bb2 Ra4
24.h5 Na6 25.Ra1 g5 26.Rec1 Rxa1 27.Rxa1 Ra8 28.Kh2 Qd8 29.Bh3 Nc7 30.Ra5 Bf8
31.Ne1 Na4 32.N1g2 Rxa5 33.bxa5 Na6 34.Ba3 N6c5 35.Nxc4 bxc4 36.Qb4 c3 37.Ne3 Qa8
38.Bf1 Qa7 39.Bb5 Qb8 40.Bxa4 Qxb4 41.Bxb4 Nxa4 42.a6  1-0

[Event "MSS-ch"]
[Site "CZE"]
[Date "1997.??.??"]
[Round "?"]
[White "Dvorak, Libor"]
[Black "Nedela, Vlastimil"]
[Result "0-1"]
[WhiteElo "1925"]
[BlackElo "2375"]

1.Nf3 g6 2.g3 Bg7 3.Bg2 Nf6 4.c4 O-O 5.O-O d6 6.Nc3 Nc6 7.Rb1 Bf5 8.d3 Qd7
9.b4 Bh3 10.b5 Nd8 11.Nd5 Bxg2 12.Kxg2 Nxd5 13.cxd5 a6 14.b6 c6 15.Qa4 e6
16.dxc6 Nxc6 17.Be3 e5 18.Rfc1 Rac8 19.Rc2 Rfe8 20.Rbc1 Kh8 21.Nd2 f5 22.Nb3 f4
23.Bd2 g5 24.Na5 Re6 25.g4 d5 26.f3 e4 27.Rxc6 exf3+ 28.exf3 bxc6 29.b7 Rce8
30.Re1 Be5 31.Rxe5 Rxe5 32.Bc3 Qg7 33.Qd1 c5 34.Bxe5 Qxe5 35.Nc6 Qb2+ 36.Kf1 Qxb7
37.Qa1+ d4  0-1

[Event "CZE-chT 9697"]
[Site "CZE"]
[Date "1997.??.??"]
[Round "3"]
[White "Stohl, Igor"]
[Black "Stocek, Jiri"]
[Result "1/2-1/2"]
[WhiteElo "2580"]
[BlackElo "2450"]

1.Nf3 Nf6 2.c4 g6 3.g3 Bg7 4.Bg2 O-O 5.O-O c5 6.d4 d6 7.d5 b5 8.cxb5 a6 9.bxa6 Bf5
10.Nc3 Ne4 11.Nb5 Rxa6 12.Nh4 Bd7 13.Qd3 Ra4 14.Na3 Nf6 15.Nc2 Na6 16.b3 c4
17.Qd1 cxb3 18.axb3 Rxa1 19.Nxa1 Qb6 20.Be3 Qb5 21.Bd4 Rc8 22.Qd2 Nc5 23.Qb2 h6
24.Rc1 Rb8 25.h3 g5 26.Nf3 Bf5 27.Kh2 Be4 28.Ne1 Qb7 29.Bxe4 Ncxe4 30.f3 Nc5
31.e4 h5 32.Qd2 g4 33.hxg4 hxg4 34.e5 Nfd7 35.Bxc5 Nxc5 36.b4 Qxb4 37.Qxb4 Rxb4
38.exd6 exd6 39.fxg4 Rd4 40.Nf3 Rxd5 41.Nc2 Rd3 42.Nce1 Rb3 43.Rd1 Ne4 44.Nd3 Ra3
45.g5 d5 46.Kg2 Bf8 47.Nd4 Nxg5 48.Nf4 Ra2+ 49.Nde2 Bd6 50.Kf1 Bxf4 51.gxf4 Ne6
52.Nc3 Ra3 53.Nxd5  1/2-1/2

[Event "CZE-chT 9697"]
[Site "CZE"]
[Date "1997.??.??"]
[Round "4"]
[White "Znamenacek, Kvetoslav"]
[Black "Jirovsky, Petr"]
[Result "1/2-1/2"]
[WhiteElo "2325"]
[BlackElo "2300"]

1.Nf3 Nf6 2.c4 g6 3.g3 Bg7 4.Bg2 O-O 5.O-O d6 6.d4 Nbd7 7.Qc2 e5 8.Rd1 Re8
9.e4 c6 10.Nc3 exd4 11.Nxd4 Qe7 12.b3 Nc5 13.f3 a5 14.Be3 Nfd7 15.Re1 Ne5
16.Rad1 a4 17.Kh1 axb3 18.axb3 Na6 19.Na2 Nc5 20.Nc3 Na6 21.Na2 Nc5 22.Nc1 Ra1
23.Bg1 Qc7 24.Na2 Rxd1 25.Rxd1 h5 26.f4 Ng4 27.b4 Ne6 28.Nf3 Nf8 29.Qd3 f5
30.Ng5 Nf6 31.Nc3 Ne6 32.Qxd6 Qxd6 33.Rxd6 Nxg5 34.fxg5 Nxe4 35.Nxe4 fxe4
36.Be3 Bf5 37.b5 Ra8 38.Rd1 Ra3 39.Bc5 Rc3 40.bxc6 bxc6 41.Bf1 Rc2 42.Kg1 Kf7
43.Rd6 h4 44.Rxc6 hxg3 45.Rc7+ Kg8 46.hxg3 Be5 47.Re7 Bxg3 48.Re8+ Kf7 49.Re7+  1/2-1/2

[Event "CZE-chT 9697"]
[Site "CZE"]
[Date "1997.??.??"]
[Round "5"]
[White "Votava, Jan"]
[Black "Gross, David"]
[Result "1-0"]
[WhiteElo "2530"]
[BlackElo "2360"]

1.Nf3 Nf6 2.c4 g6 3.g3 Bg7 4.Bg2 O-O 5.O-O d6 6.d4 c6 7.Nc3 Qa5 8.Qb3 Qh5
9.Rd1 e5 10.d5 cxd5 11.Nxd5 Nxd5 12.cxd5 Nd7 13.Be3 b6 14.Qa4 Nc5 15.Qc6 Ba6
16.h3 Qf5 17.Nh4 Qd7 18.b4 Bb5 19.bxc5 Bxc6 20.dxc6 Qe6 21.Bd5 Qxh3 22.cxd6 Rad8
23.d7 Rxd7 24.cxd7 Qxd7 25.Rd2 Bf6 26.Ng2 Kg7 27.Rad1 Rd8 28.f3 h5 29.Bf2 Qc7
30.e4 Qc3 31.Rd3 Qb2 32.R1d2 Qc1+ 33.Kh2 Bg5 34.f4 Bf6 35.Be3 Qc7 36.Rf2 exf4
37.Bxf4 Qc5 38.Bh6+ Kxh6 39.Rxf6 Qe7 40.Rdf3 Qe5 41.Nh4 Qa1 42.Rf1 Qc3 43.Bxf7 Qc2+
44.R1f2 Qxe4 45.Nf5+ Kh7 46.Rxg6  1-0

[Event "CZE-chT 9697"]
[Site "CZE"]
[Date "1997.??.??"]
[Round "6"]
[White "Stohl, Igor"]
[Black "Babula, Vlastimil"]
[Result "1-0"]
[WhiteElo "2580"]
[BlackElo "2535"]

1.Nf3 Nf6 2.c4 g6 3.g3 Bg7 4.Bg2 O-O 5.O-O d6 6.d4 Nc6 7.Nc3 a6 8.d5 Na5
9.Nd2 c5 10.Qc2 Rb8 11.b3 b5 12.Bb2 Bh6 13.f4 bxc4 14.bxc4 e5 15.dxe6 Bxe6
16.Nd5 Rxb2 17.Qxb2 Bg7 18.Qc1 Bxd5 19.Bxd5 Nxd5 20.cxd5 Bd4+ 21.Kh1 Qa8
22.e4 f5 23.Rb1 fxe4 24.Nxe4 Qxd5 25.Qc2 Nc4 26.Rfe1 Ne3 27.Qb3 c4 28.Qb7 Qxb7
29.Rxb7 Rc8 30.Nxd6 Rc6 31.Rd7 c3 32.Rd8+ Kg7 33.Ne8+ Kh6 34.Rxd4 Nc2 35.Rdd1 Nxe1
36.Rxe1 c2 37.Rc1 g5 38.f5 g4 39.Kg2 Kg5 40.Ng7 Kf6 41.Ne6 Rc4 42.Kf1 h5
43.Ke2 h4 44.Kd3 Ra4 45.Nd4 hxg3 46.hxg3 Ra3+ 47.Ke4 Rxg3 48.Rxc2 Ra3 49.Kf4 g3
50.Rd2 a5 51.Nb3 Ra4+ 52.Kxg3 Kxf5 53.Rd5+ Ke6 54.Rxa5  1-0

[Event "CZE-chT 9697"]
[Site "CZE"]
[Date "1997.??.??"]
[Round "11"]
[White "Cesal, Jaroslav"]
[Black "Suran, Jan"]
[Result "1/2-1/2"]
[WhiteElo "2300"]
[BlackElo "2300"]

1.Nf3 Nf6 2.g3 g6 3.Bg2 Bg7 4.c4 O-O 5.O-O d6 6.Nc3 e5 7.d3 Nc6 8.h3 h6 9.e4 Be6
10.Nd5 Kh7 11.Kh2 Ne7 12.Re1 c6 13.Nxf6+ Bxf6 14.b3 c5 15.a3 Nc6 16.Bb2 a6
17.Rb1 b5 18.Qc2 Qd7 19.Bc3 Rab8 20.Bf1 Rb7  1/2-1/2

[Event "Neckar op 1st"]
[Site "Deizisau"]
[Date "1997.??.??"]
[Round "6"]
[White "Konopka, Michal"]
[Black "Sand, Rolf"]
[Result "1-0"]
[WhiteElo "2415"]
[BlackElo "2115"]

1.Nf3 Nf6 2.c4 g6 3.g3 Bg7 4.Bg2 O-O 5.O-O d5 6.d4 Nc6 7.cxd5 Nxd5 8.Nc3 Nb6
9.d5 Na5 10.e4 c6 11.Bg5 h6 12.Bf4 cxd5 13.exd5 Nac4 14.Qe2 g5 15.Bc1 Bg4
16.h3 Bh5 17.Rd1 Rc8 18.g4 Bg6 19.Nd4 Nd6 20.a4 Rc4 21.Ndb5 Rb4 22.Nxa7 Qd7
23.a5 Nbc4 24.a6 Ra8 25.Nc6 bxc6 26.dxc6 Qe6 27.Qxe6 fxe6 28.c7 Ra7 29.Bb7 Raxb7
30.axb7 Rxb7 31.c8=Q+ Nxc8 32.Rd8+ Kf7 33.Rxc8 Nxb2 34.Ra5 Nd3 35.Rb5 Rxb5
36.Nxb5 Be5 37.Be3 Be4 38.Nc3 Bf3 39.Nb5 Nf4 40.Bxf4 Bxf4 41.Nd4 Bd5 42.Rc3 Be5
43.Rd3 Kf6 44.Ne2 Bd6 45.Nc3 Bc6 46.f3 Ke5 47.Kf2 Bb4 48.Ne2 Bd5 49.Re3+ Kf6
50.Ng3 Kg6 51.Re2 Bd6 52.Nh5 Bc7 53.Rc2 Be5 54.Rc5 Kf7 55.Rc8 Bb7 56.Rd8 Bd5
57.Rc8 Bb7 58.Rc5 Bd5 59.Rc2 Ba1 60.Ng3 Be5 61.Re2 Bf4 62.Ne4 Bb8 63.Rc2 Bf4
64.Kf1 Bb3 65.Rc3 Bd5 66.Ke2 Be5 67.h4 Kg6 68.hxg5 hxg5 69.Rc8 Kg7 70.Re8 Kf7
71.Rd8  1-0

[Event "Neckar op 1st"]
[Site "Deizisau"]
[Date "1997.??.??"]
[Round "8"]
[White "Konopka, Michal"]
[Black "Mareck, Sascha"]
[Result "1-0"]
[WhiteElo "2415"]
[BlackElo "1940"]

1.Nf3 Nf6 2.c4 g6 3.g3 Bg7 4.Bg2 O-O 5.d4 d6 6.O-O Nc6 7.Nc3 a6 8.b3 Rb8
9.Nd5 Ne4 10.Bb2 Bd7 11.Rc1 e6 12.Nf4 Ne7 13.e3 f5 14.Qe2 Qe8 15.Nd3 g5 16.Rfe1 Ng6
17.Nd2 Nxd2 18.Qxd2 Qf7 19.f4 h6 20.Rf1 Qe7 21.Rce1 e5 22.dxe5 dxe5 23.fxe5 Bc6
24.Bxc6 bxc6 25.Qa5 Rfd8 26.Rd1 f4 27.exf4 gxf4 28.gxf4 Qh4 29.Qe1  1-0

[Event "Dhaka"]
[Site "Dhaka"]
[Date "1997.??.??"]
[Round "3"]
[White "Szekely, Peter"]
[Black "Hasan, Kayes"]
[Result "1/2-1/2"]
[WhiteElo "2455"]
[BlackElo "2255"]

1.Nf3 Nf6 2.c4 g6 3.g3 Bg7 4.Bg2 O-O 5.d4 d6 6.Nc3 Nbd7 7.O-O e5 8.e4 c6
9.Rb1 Qb6 10.b3 Re8 11.dxe5 dxe5 12.h3 Qc7 13.Be3 Bf8 14.Qc2 Bb4 15.Na4 Nb6
16.c5 Nxa4 17.bxa4 Ba5 18.Rfd1 b6 19.Rbc1 Bb7 20.Bf1 Nd7 21.cxb6 Bxb6 22.Bg5  1/2-1/2

[Event "GER-ch U20 qual"]
[Site "Dortmund"]
[Date "1997.??.??"]
[Round "?"]
[White "Keller, Thomas"]
[Black "Peschlow, Patrick"]
[Result "1-0"]
[WhiteElo "2215"]
[BlackElo "2150"]

1.Nf3 Nf6 2.c4 g6 3.g3 Bg7 4.Bg2 O-O 5.O-O c5 6.Nc3 Nc6 7.e4 d6 8.Rb1 Bd7
9.a3 Qc8 10.b4 Bh3 11.d3 Bxg2 12.Kxg2 b6 13.Bg5 e6 14.Qd2 Qd7 15.Rfe1 Ng4
16.h3 Nge5 17.Nxe5 Nxe5 18.Bf4 Nc6 19.Bh6 Nd4 20.Bxg7 Kxg7 21.Ne2 Nxe2 22.Rxe2 e5
23.f4 f6 24.Rf1 Rf7 25.Ref2 Raf8 26.f5 g5 27.Qd1 Qe8 28.h4 h6 29.Rh1 Rh8
30.Rff1 Rff8 31.b5 Rh7 32.a4 Qf7 33.Rf2 Rd8 34.Ra2 d5 35.exd5 Rxd5 36.Qf3 Rd8
37.a5 Qd7 38.hxg5 fxg5 39.f6+ Kf8 40.axb6 axb6 41.Re1 Qxd3 42.Qxd3 Rxd3 43.Ra8+ Kf7
44.Rf1 Rd7 45.Rb8 Kg6 46.Rxb6 Rhf7 47.Rc6 Kh5 48.b6 Rd2+ 49.Rf2 Rxf2+ 50.Kxf2 Kg4
51.Ke3 h5 52.Rxc5 h4 53.gxh4 gxh4 54.Rb5 h3 55.c5 h2 56.Rb1 Rb7 57.Ke4 Kg5
58.Kxe5 h1=N 59.Rg1+ Ng3 60.Rxg3+  1-0

[Event "RUS-Cup5"]
[Site "Ekaterinburg"]
[Date "1997.??.??"]
[Round "7"]
[White "Ibraev, Nurlan"]
[Black "Maksimenko, Vitalij"]
[Result "1-0"]
[WhiteElo "2320"]
[BlackElo "2255"]

1.g3 Nf6 2.Nf3 g6 3.Bg2 Bg7 4.c4 O-O 5.O-O d6 6.Nc3 e5 7.d4 Nbd7 8.b3 exd4
9.Nxd4 Nc5 10.Bb2 Ne6 11.Nc2 Ng5 12.Qc1 h6 13.h4 Ne6 14.Nd5 a5 15.Nxf6+ Bxf6
16.Bxf6 Qxf6 17.Qxh6 a4 18.b4 Qc3 19.Ne3 c6 20.h5 Qg7 21.Qxg7+ Kxg7 22.hxg6 fxg6
23.Rfd1 Rd8 24.Rd2 Nc7 25.Rad1 Ne8 26.c5 d5 27.Nc4 a3 28.Nb6 Rb8 29.e4 Bg4
30.f3 Be6 31.exd5 cxd5 32.Nxd5 Kf7 33.Nb6 Rxd2 34.Rxd2 Nc7 35.f4 Na6 36.Rd3 Nxb4
37.Rxa3 Rd8 38.Bxb7 Rd1+ 39.Kf2 Rc1 40.Na4 Rc2+ 41.Ke3 Nxa2 42.Kd4 Kf6 43.Nc3 Nb4
44.c6 Rg2 45.c7 Nc2+ 46.Kc5 Nxa3 47.Bxg2 Nc2 48.Be4 Ne3 49.Nd5+ Nxd5 50.Bxd5 Bc8
51.Kb6 Kf5 52.Bb7  1-0

[Event "Faro op"]
[Site "Faro"]
[Date "1997.??.??"]
[Round "7"]
[White "Paunovic, Dragan"]
[Black "Lanka, Zigurds"]
[Result "1/2-1/2"]
[WhiteElo "2470"]
[BlackElo "2565"]

1.Nf3 Nf6 2.c4 g6 3.g3 Bg7 4.Bg2 O-O 5.d4 d6 6.O-O Nc6 7.Nc3 a6 8.h3 Bd7
9.Be3 Rb8 10.Rc1 b5 11.Nd2 e6 12.d5 Ne7 13.dxe6 fxe6 14.b3 Qe8 15.Bg5 b4
16.Nce4 Nxe4 17.Nxe4 h6 18.Bxe7 Qxe7 19.c5 d5 20.c6 Bc8 21.Nc5 Rb6 22.Na4 Rb5
23.h4 Kh8 24.Qd3 Qe8 25.Rc2 Bf6  1/2-1/2

[Event "Arnold mem"]
[Site "Gausdal"]
[Date "1997.??.??"]
[Round "8"]
[White "Groenn, Atle"]
[Black "Trygstad, Kristian"]
[Result "1-0"]
[WhiteElo "2310"]
[BlackElo "2160"]

1.Nf3 Nf6 2.c4 g6 3.g3 Bg7 4.Bg2 O-O 5.d4 d6 6.O-O Nbd7 7.Qc2 e5 8.Rd1 exd4
9.Nxd4 a6 10.Nc3 Rb8 11.b3 Re8 12.Bf4 Nh5 13.Bc1 Nhf6 14.Bb2 Ne5 15.c5 Bf8
16.cxd6 Bxd6 17.e4 Qe7 18.h3 c5 19.Nde2 c4 20.bxc4 Nxc4 21.Nd5 Nxd5 22.Qxc4 Nf6
23.f4 Bc5+ 24.Kh2 b5 25.Qc3 Rb6 26.Rac1 Rc6 27.Nd4 Rc7 28.e5 Bxd4 29.Qxd4 Rxc1
30.Rxc1 Nh5 31.e6 f6 32.f5 Rd8 33.Qb6 gxf5 34.Ba3 Qe8 35.e7 Rd3 36.Rc7 Rxa3
37.Rxc8 Qxc8 38.Qd8+ Qxd8 39.exd8=Q+ Kf7 40.Bd5+ Kg6 41.Qg8+  1-0

[Event "Oberliga Sued W9697"]
[Site "GER"]
[Date "1997.??.??"]
[Round "?"]
[White "Shpilker, Boris"]
[Black "Sandmeier, Toni"]
[Result "1-0"]
[WhiteElo "2360"]
[BlackElo "2235"]

1.Nf3 Nf6 2.g3 g6 3.c4 Bg7 4.Bg2 O-O 5.Nc3 d6 6.O-O e5 7.d4 Nbd7 8.Qc2 Re8
9.Rd1 c6 10.b3 Qa5 11.Bd2 Qc7 12.Rac1 Ng4 13.dxe5 dxe5 14.h3 Ngf6 15.e4 Bf8
16.Na4 Nc5 17.Nxc5 Bxc5 18.Bc3 Nh5 19.b4 Bf8 20.Qb2 f6 21.Qe2 Be6 22.Bf1 Rad8
23.Qe3 c5 24.b5 b6 25.a4 Bf7 26.Nh2 Rd4 27.Bxd4 exd4 28.Qf3 Qe7 29.Bg2 Be6
30.Ng4 Bg7 31.Re1 Qf7 32.Bf1 Bc8 33.Bg2 Bb7 34.Qd3 Re6 35.f4 Qe8 36.Kf2 Qa8
37.Bf3 Qe8 38.e5 Bxf3 39.Qxf3 fxe5 40.fxe5 Kh8 41.Kg2 h6 42.Re2 Re7 43.Rce1 Rf7
44.Qe4 Bf8 45.Qd5 Ng7 46.Nxh6  1-0

[Event "BL2-S9798"]
[Site "Germany"]
[Date "1997.??.??"]
[Round "?.2"]
[White "Schulze, Ulrich"]
[Black "Mueller, Ralf"]
[Result "1/2-1/2"]
[WhiteElo "2360"]
[BlackElo "2370"]

1.Nf3 Nf6 2.g3 g6 3.Bg2 Bg7 4.c4 O-O 5.d4 d5 6.cxd5 Nxd5 7.Nc3 Nb6 8.O-O Nc6
9.d5 Na5 10.Qc2 e6 11.dxe6 Bxe6 12.Rd1 Qc8 13.Bf4 Nc6 14.Nb5 Nd5 15.Qc1 Nxf4
16.Qxf4 Bxb2 17.Nxc7 Rb8 18.Rab1 Bg7 19.Nxe6 Qxe6 20.Rd2 h6 21.e3  1/2-1/2

[Event "BL2-W9798"]
[Site "Germany"]
[Date "1997.??.??"]
[Round "?.2"]
[White "Kengis, Edvins"]
[Black "Lisanti, Andre"]
[Result "1-0"]
[WhiteElo "2590"]
[BlackElo "2350"]

1.Nf3 Nf6 2.c4 g6 3.g3 Bg7 4.Bg2 O-O 5.d4 a6 6.O-O b5 7.Ne5 Ra7 8.Na3 d6
9.Nd3 c6 10.b3 Bf5 11.Bb2 Qc8 12.Re1 Be4 13.f3 Bxd3 14.Qxd3 Nbd7 15.e4 Nh5
16.e5 Qb8 17.Qe3 dxe5 18.dxe5 f5 19.f4 Rc7 20.Rad1 Qe8 21.Nc2 c5 22.Qe2 Nb6
23.Ne3 g5 24.fxg5 f4 25.Nd5 Nxd5 26.Bxd5+ e6 27.Bf3 Nxg3 28.hxg3 fxg3 29.Bh5 Qb8
30.Rf1 bxc4 31.Qxc4 Re7 32.Rxf8+ Bxf8 33.Rd7 Qb6 34.Rxe7 Bxe7 35.Bg4 Kf7
36.Qf4+ Ke8 37.Kg2 Qa5 38.Qa4+  1-0

[Event "BL2-O9697"]
[Site "Germany"]
[Date "1997.??.??"]
[Round "?.1"]
[White "Ioseliani, Nana"]
[Black "Hoffmann, Hendrik"]
[Result "1-0"]
[WhiteElo "2510"]
[BlackElo "2300"]

1.Nf3 g6 2.c4 Bg7 3.g3 Nf6 4.Bg2 O-O 5.O-O c6 6.d4 d5 7.Qb3 dxc4 8.Qxc4 Be6
9.Qc2 Na6 10.Nc3 Nb4 11.Qb1 Nbd5 12.e4 Nxc3 13.bxc3 Qb6 14.Qd3 Qb5 15.Qxb5 cxb5
16.Re1 Rac8 17.Bd2 a6 18.a4 bxa4 19.Rxa4 Rc4 20.Ra3 Rfc8 21.Ne5 R4c7 22.Rb1 Ne8
23.f4 Nd6 24.d5 Bxe5 25.fxe5 Nc4 26.Ra2 Bg4 27.h3 Bd7 28.Bf4 g5 29.Bxg5 Nxe5
30.Bxe7 Rxc3 31.Rxb7 Rc1+ 32.Kh2 R1c2 33.Rxc2 Rxc2 34.g4 Kg7 35.Bd6 Nf3+
36.Kg3 Ne1 37.Bf1 Bc8 38.Be5+ Kf8  1-0

[Event "BL2-N9697"]
[Site "Germany"]
[Date "1997.??.??"]
[Round "?.1"]
[White "Lagunow, Alexander"]
[Black "Joecks, Christian"]
[Result "1/2-1/2"]
[WhiteElo "2440"]
[BlackElo "2395"]

1.Nf3 Nf6 2.c4 g6 3.g3 Bg7 4.Bg2 O-O 5.O-O c6 6.d4 d6 7.Nc3 Bf5 8.Ne1 e5
9.d5 c5 10.e4 Bd7 11.Nd3 Na6 12.a3 Ne8 13.Be3 f5 14.Qd2 Nf6 15.f3 fxe4 16.fxe4 Ng4
17.Bg5 Bf6 18.Bxf6 Rxf6 19.Bh3 Kg7 20.Rxf6 Nxf6 21.Bxd7 Qxd7 22.Kg2 Rc8 23.Rf1 b6
24.Qg5 Qe7 25.Nf2 Nxd5 26.Qxe7+ Nxe7 27.Nb5 Nc7 28.Nxd6 Rd8 29.Rd1 Nc6 30.Rd3  1/2-1/2

[Event "BL2-N9697"]
[Site "Germany"]
[Date "1997.??.??"]
[Round "?.7"]
[White "Bunzmann, Dimitrij"]
[Black "Brustkern, Juergen"]
[Result "1-0"]
[WhiteElo "2385"]
[BlackElo "2205"]

1.Nf3 Nf6 2.c4 g6 3.g3 Bg7 4.Bg2 O-O 5.O-O d6 6.d4 c5 7.Nc3 Nc6 8.dxc5 dxc5
9.Bf4 Be6 10.Ne5 Na5 11.Qa4 Nd7 12.Nxd7 Bxd7 13.Qc2 Nc6 14.Rad1 Nd4 15.Qc1 Qc8
16.Qe3 Bc6 17.Nd5 Nf5 18.Qxc5 Bxb2 19.e4 Bxd5 20.Qxd5 Ng7 21.e5 Rb8 22.Qb5 Ba3
23.e6 Bd6 24.exf7+ Kh8 25.Bxd6 exd6 26.Rxd6 Rxf7 27.Rfd1 Qf8 28.Qb2 b6 29.Rd7 Re8
30.Bc6 Rfe7 31.Qc3 Re6 32.Ba4 Rf6 33.Rxg7  1-0

[Event "Landesliga Sued 9697 Bayern"]
[Site "Germany"]
[Date "1997.??.??"]
[Round "?"]
[White "Droletz, Juergen"]
[Black "Volfovitch, Edouard"]
[Result "1/2-1/2"]
[WhiteElo "2155"]
[BlackElo "1965"]

1.Nf3 Nf6 2.c4 g6 3.g3 Bg7 4.Bg2 O-O 5.O-O d5 6.d4 c6 7.Nbd2 Qb6 8.b3 Be6
9.Ba3 Re8 10.Bc5 Qa5 11.a4 Na6 12.Ba3 Ne4 13.Nxe4 dxe4 14.Ne1 Rad8 15.e3 c5
16.Nc2 Qb6 17.Rb1 cxd4 18.Nxd4 Bxd4 19.exd4 Rxd4 20.Qe2 Rd3 21.a5 Qxa5 22.Bxe4 Rd7
23.Bb2 Nc5 24.Bc2 Rd2 25.Qe1 Qd8 26.Qe5 f6 27.Qxc5 Rxc2 28.Rfd1 Rd2 29.Re1 Qd3
30.Ba3 Bf5 31.Rbc1 Qxb3 32.Rxe7 Red8 33.Re3 Rd1+ 34.Kg2 Qa4 35.Rxd1 Qxd1
36.Qxa7 Bh3+ 37.Kxh3 Qf1+ 38.Kh4 g5+ 39.Kg4 Qxc4+ 40.Kh3 Qf1+ 41.Kg4 h5+
42.Kf5 Qxf2+ 43.Kg6 Qc2+ 44.Kxh5 Qh7+ 45.Kg4 f5+ 46.Kxg5 Qg7+ 47.Kh5  1/2-1/2

[Event "BL2-W9697"]
[Site "Germany"]
[Date "1997.??.??"]
[Round "?.5"]
[White "Oswald, Hans Joachim"]
[Black "Wisskirchen, Andreas"]
[Result "1/2-1/2"]
[WhiteElo "2335"]
[BlackElo "2290"]

1.Nf3 Nf6 2.c4 g6 3.g3 Bg7 4.Bg2 O-O 5.O-O d6 6.Nc3 e5 7.d3 Nc6 8.Rb1 a5
9.a3 h6 10.b4 axb4 11.axb4 Be6 12.b5 Ne7 13.Bb2 Qd7 14.Re1 Nh5 15.Nd2 Rab8
16.Qb3 f5 17.Ra1 c5 18.b6 Nf6 19.Ra7 Nc6 20.Rea1 Rfc8 21.e3 Qd8 22.Nd5 Nd7
23.R7a3 Kh7 24.Nc7 Bg8 25.Nb5 Nxb6 26.Nxd6 Qxd6 27.Qxb6 Rd8 28.Nb3 Nb4 29.Qxd6 Rxd6
30.Nxc5 b6 31.Na6 Nxa6 32.Rxa6 Rxd3 33.Ra7 Re8 34.Bc6 Re6 35.Bd5 Re8 36.Rd7 Bxd5
37.cxd5 Kg8 38.Raa7 Bf8 39.Kg2 Rb3 40.Ba1 Ra3 41.Rxa3 Bxa3 42.f4 exf4 43.exf4 Bb2  1/2-1/2

[Event "Oberliga Nord W9798"]
[Site "Germany"]
[Date "1997.??.??"]
[Round "?.1"]
[White "Naumann, Frank"]
[Black "Blecken, Volker"]
[Result "1-0"]
[WhiteElo "2265"]
[BlackElo "2225"]

1.Nf3 Nf6 2.c4 g6 3.g3 Bg7 4.Bg2 O-O 5.Nc3 d6 6.O-O Nc6 7.d4 a6 8.d5 Na5
9.Nd2 c5 10.Qc2 Rb8 11.b3 b5 12.Bb2 e6 13.dxe6 Bxe6 14.cxb5 axb5 15.Nce4 Rc8
16.Nxf6+ Bxf6 17.Bxf6 Qxf6 18.Ne4 Qe5 19.Qd2 d5 20.f4 Qc7 21.Nf6+ Kg7 22.f5 Kxf6
23.fxe6+ Kg7 24.Bxd5 fxe6 25.Bxe6 Rcd8 26.Qc3+ Kh6 27.Qe3+ Kg7 28.Rxf8 Rxf8
29.Rd1 Rd8 30.Rxd8 Qxd8 31.Qxc5 Kf6 32.Bd5 b4 33.e4  1-0

[Event "Oberliga Ost B9798"]
[Site "Germany"]
[Date "1997.??.??"]
[Round "?.7"]
[White "Hoehn, Michael"]
[Black "Haensel, Thomas"]
[Result "0-1"]
[WhiteElo "2110"]
[BlackElo "2090"]

1.c4 Nf6 2.g3 g6 3.Bg2 Bg7 4.Nf3 O-O 5.O-O d6 6.Nc3 e5 7.d3 c6 8.Rb1 Qe7
9.Bg5 h6 10.Bxf6 Bxf6 11.b4 Bg7 12.Qc2 Be6 13.Nd2 Qc7 14.Rfc1 Nd7 15.b5 Rfc8
16.Nb3 f5 17.Qd2 Bf7 18.a4 a5 19.e4 Rf8 20.exf5 gxf5 21.f4 Nf6 22.Nd1 Nh5
23.Qf2 exf4 24.gxf4 Nf6 25.h3 d5 26.Nd4 Qd7 27.bxc6 bxc6 28.Ne3 Ne4 29.dxe4 Bxd4
30.cxd5 cxd5 31.e5 Qa7 32.Re1 Rab8 33.Rbd1 Rb3 34.Rxd4 Qxd4 35.Nxf5 Qxf2+
36.Kxf2 Be6 37.Bxd5 Bxd5 38.Ne7+ Kf7 39.Nxd5 Ke6 40.Nf6 Rxh3 41.Kg2 Ra3 42.Nh5 Rg8+
43.Kf2 Rxa4 44.Kf3 Rb4 45.Rd1 Rb6 46.Nf6 Rc8 47.Rh1 Rb3+ 48.Kg4 Rc2 49.Ra1 Rg2+
50.Kh4 Kf5 51.Rh1 a4 52.Nd5 a3 53.Ne7+ Kxf4 54.e6 a2 55.Nd5+ Kf5 56.e7 a1=Q  0-1

[Event "NRW-Liga 9798"]
[Site "Germany"]
[Date "1997.??.??"]
[Round "1.5"]
[White "Wunsch, Axel"]
[Black "Dueball, Juergen"]
[Result "1/2-1/2"]
[WhiteElo "2115"]
[BlackElo "2370"]

1.Nf3 Nf6 2.c4 g6 3.g3 Bg7 4.Bg2 O-O 5.O-O d6 6.Nc3 e5 7.d4 Nbd7 8.Qc2 Re8
9.Rd1 c6 10.dxe5 dxe5 11.h3 Qe7 12.e4 Nc5 13.Be3 a5 14.Nd2 Nfd7 15.Nf1 Ne6
16.Ne2 Ndc5 17.Kh2 f5 18.Rd2 f4 19.Bxc5 Qxc5 20.Qb3 Bh6 21.Rc2 Rf8 22.Rd1 Ng5
23.Ng1 Be6 24.h4 fxg3+ 25.fxg3 Bg4 26.Rd3 Nxe4 27.Ne3 a4 28.Qa3 Qxa3 29.Rxa3 Nf6
30.Nxg4 Nxg4+ 31.Kh3 Ne3 32.Re2 Nxc4 33.Rc3 b5 34.Bxc6 Rad8 35.Bxb5 Nd6 36.Bxa4 e4
37.Bc2 e3 38.Kg2 Rf6 39.Nf3 Rdf8 40.Ng5 Rf2+ 41.Rxf2 Rxf2+ 42.Kg1 Bxg5 43.hxg5 Rf3
44.Bd1 Rxg3+ 45.Kf1  1/2-1/2

[Event "NRW-Liga 9798"]
[Site "Germany"]
[Date "1997.??.??"]
[Round "2"]
[White "Partenheimer, Axel"]
[Black "Van de Mortel, Jan"]
[Result "0-1"]
[WhiteElo "2155"]
[BlackElo "2320"]

1.Nf3 Nf6 2.c4 g6 3.g3 Bg7 4.Bg2 O-O 5.d4 d6 6.Nc3 c6 7.O-O Qa5 8.e4 e5 9.h3 Nbd7
10.Re1 exd4 11.Nxd4 Re8 12.Be3 Ne5 13.Qe2 Be6 14.Nxe6 Rxe6 15.Rac1 Rae8 16.f3 Qb4
17.b3 Ned7 18.Qd2 Nc5 19.Bd4 a5 20.Red1 Ra8 21.Qf2 Nfd7 22.Bxg7 Kxg7 23.Ne2 Rf6
24.Qe3 a4 25.Qc3 Qxc3 26.Rxc3 axb3 27.axb3 Ra2 28.Nd4 Na6 29.Re3 Nb4 30.Bf1 Nc5
31.Re2 Ra3 32.Rb2 Ne6 33.Nxe6+ Rxe6 34.Kf2 c5 35.Rdd2 Kf8 36.h4 Ra6 37.Bh3 Re7
38.Rb1 Rc7 39.Rbd1 Ke7 40.Bf1 Rc8 41.Be2 f6 42.f4 Rd8 43.e5 fxe5 44.fxe5 Ke6
45.exd6 Raxd6 46.Bg4+ Ke7 47.Re2+ Kf7 48.Rxd6 Rxd6 49.Bf3 b6 50.Be4 Rd1 51.Re3 Rd2+
52.Kf3 Kf6 53.g4 h6 54.h5 gxh5 55.gxh5 Kg5 56.Bg6 Nc6 57.Kg3 Nd4 58.Re5+ Kf6
59.Rd5 Ne2+ 60.Kf2 Rxd5 61.cxd5 Nd4 62.b4 cxb4 63.Ke3 Ke5 64.d6 Nc6 65.d7 Ke6
66.Be8 Ke7 67.Ke4 b3 68.Kd5 Na5 69.Kd4 b2 70.d8=Q+ Kxd8 71.Bg6 b5 72.Kc3 Nc4
73.Kc2 Ke7 74.Bd3 Kf6 75.Bg6 Ke5 76.Bf7 Kd4 77.Be6 Kc5  0-1